Rap Artist Matching - Statistics

General Stats
  • This quiz has been taken 62 times
  • The average score is 12 of 16
Answer Stats
Picture Answer % Correct
Drake
100%
Kanye west
100%
Kendrick lamar
93%
J cole
92%
Lil uzi vert
90%
Lil wayne
90%
Travis Scott
82%
Future
75%
Lil baby
75%
Offset
63%
A$ap rocky
62%
Youngboy
62%
Quavo
57%
Gunna
53%
Playboi Carti
53%
Wiz khalifa
32%
No matching quizzes found
Score Distribution
Percent of People with Each Score
Percentile by Number Answered
Your Score History
You have not taken this quiz